Simulation model design and execution Building digital worlds

Đã lưu trong:
Sonraí Bibleagrafaíochta
Príomhúdar: Paul A Fishwick
Formáid: Leabhar
Teanga:Undetermined
Foilsithe: Englewood Cliffs, New Jersey Prentice-Hall 1995
Ábhair:
Clibeanna: Cuir Clib Leis
Gan Chlibeanna, Bí ar an gcéad duine leis an taifead seo a chlibeáil!
Thư viện lưu trữ: Trung tâm Học liệu Trường Đại học Cần Thơ
LEADER 00572nam a2200205Ia 4500
001 CTU_27207
008 210402s9999 xx 000 0 und d
020 |b 267.34Dfl 
082 |a 003.3 
082 |b F532 
100 |a Paul A Fishwick 
245 0 |a Simulation model design and execution 
245 0 |b Building digital worlds 
245 0 |c Paul A Fishwick 
260 |a Englewood Cliffs, New Jersey 
260 |b Prentice-Hall 
260 |c 1995 
650 |a computer simulation 
904 |i Minh, 981204 
980 |a Trung tâm Học liệu Trường Đại học Cần Thơ